|
|
|
|
| LEADER |
00000nam a22000007a 4500 |
| 005 |
20190823232729.0 |
| 007 |
cr|||| |||| |
| 008 |
190823s2014 pe |||||s|||| 00||0 spa d |
| 020 |
|
|
|a 978-612-4218-18-7
|
| 035 |
|
|
|a 24178
|
| 040 |
|
|
|a vLex
|
| 090 |
|
|
|c 9274
|d 9274
|
| 100 |
1 |
|
|a Herrera, Mercedes
|
| 245 |
1 |
2 |
|a La negociacin̤ en el nuevo proceso penal
|h [Recurso electrn̤ico] /
|c Mercedes Herrera
|
| 256 |
|
|
|a Servicio en ln̕ea
|
| 260 |
|
|
|a Lima:
|b Palestra Editores,
|c 2014
|
| 300 |
|
|
|a 1 recurso electrn̤ico
|
| 506 |
1 |
|
|a Disponible solo en los productos indicados
|d vLex Global
|d vLex Global (Academic Edition, excluding Law Schools)
|d vLex Global (U.S. Academic Edition, Law Schools)
|d vLex Global (U.S. Academic Edition, excluding Law Schools)
|d vLex Global (Academic Edition, Law Schools)
|
| 650 |
0 |
4 |
|a Procedimiento Penal
|z Per︢
|
| 740 |
0 |
|
|a vLex Libros (Servicio en ln̕ea)
|
| 856 |
4 |
0 |
|u http://vlex.com/source/negociacion-nuevo-proceso-penal-24178
|z Acceso restringido
|
| 942 |
|
|
|c BOOK
|
| 999 |
0 |
|
|a Penal procedure
|